000 00626nam a2200181Ia 4500
008 090630s9999 xx 000 0 und d
082 _b15286
100 _aटोळ दत्ता श्री.
245 _aभूत नाही जगात.
_cटोळ दत्ता श्री.
260 _bगमभन - पुणे.
300 _a0
600 _aटोळ दत्ता श्री.
630 _aभूत नाही जगात.
655 _aबालवाङमय.
700 _aटोळ दत्ता श्री.
730 _aभूत नाही जगात.
942 _cBOOK
999 _c267142
_d267142